<?xml version="1.0" encoding="UTF-8"?>
<record
    xmlns:xsi="http://www.w3.org/2001/XMLSchema-instance"
    xsi:schemaLocation="http://www.loc.gov/MARC21/slim http://www.loc.gov/standards/marcxml/schema/MARC21slim.xsd"
    xmlns="http://www.loc.gov/MARC21/slim">

  <leader>01201cam a2200277Ia 4500</leader>
  <controlfield tag="001">chronologicalsub16amer</controlfield>
  <controlfield tag="003">CaSfIA</controlfield>
  <controlfield tag="005">20230525155111.0</controlfield>
  <controlfield tag="007">cr||||</controlfield>
  <controlfield tag="008">781020s1967    nyu      b    000 0 eng d</controlfield>
  <datafield tag="040" ind1=" " ind2=" ">
    <subfield code="a">MSU</subfield>
    <subfield code="c">MSU</subfield>
    <subfield code="d">MHS</subfield>
    <subfield code="d">OCL</subfield>
    <subfield code="d">WSU</subfield>
    <subfield code="d">XTA</subfield>
    <subfield code="d">OCL</subfield>
    <subfield code="d">CaSfIA</subfield>
  </datafield>
  <datafield tag="019" ind1=" " ind2=" ">
    <subfield code="a">420543</subfield>
  </datafield>
  <datafield tag="035" ind1=" " ind2=" ">
    <subfield code="a">(OCoLC)4308643</subfield>
    <subfield code="z">(OCoLC)420543</subfield>
  </datafield>
  <datafield tag="043" ind1=" " ind2=" ">
    <subfield code="a">n-us---</subfield>
  </datafield>
  <datafield tag="050" ind1=" " ind2="4">
    <subfield code="a">E171.Z999</subfield>
    <subfield code="b">A431</subfield>
  </datafield>
  <datafield tag="092" ind1=" " ind2=" ">
    <subfield code="a">973</subfield>
    <subfield code="b">A</subfield>
  </datafield>
  <datafield tag="245" ind1="0" ind2="2">
    <subfield code="a">A Chronological subject guide to American heritage magazine :</subfield>
    <subfield code="h">[electronic resource] </subfield>
    <subfield code="b">volumes vi-xvii, December 1954-October 1966 /</subfield>
    <subfield code="c">prepared by the Education Department, American Heritage Publishing Co., Inc.</subfield>
  </datafield>
  <datafield tag="260" ind1=" " ind2=" ">
    <subfield code="a">[New York, NY] :</subfield>
    <subfield code="b">The Company,</subfield>
    <subfield code="c">c1967.</subfield>
  </datafield>
  <datafield tag="300" ind1=" " ind2=" ">
    <subfield code="a">61 p. ;</subfield>
    <subfield code="c">21 cm.</subfield>
  </datafield>
  <datafield tag="651" ind1=" " ind2="0">
    <subfield code="a">United States</subfield>
    <subfield code="x">History</subfield>
    <subfield code="v">Bibliography.</subfield>
  </datafield>
  <datafield tag="651" ind1=" " ind2="0">
    <subfield code="a">United States</subfield>
    <subfield code="x">Civilization</subfield>
    <subfield code="v">Bibliography.</subfield>
  </datafield>
  <datafield tag="630" ind1="0" ind2="0">
    <subfield code="a">American heritage</subfield>
    <subfield code="v">Indexes.</subfield>
  </datafield>
  <datafield tag="710" ind1="2" ind2=" ">
    <subfield code="a">American Heritage Publishing Company.</subfield>
    <subfield code="b">Education Dept.</subfield>
  </datafield>
  <datafield tag="856" ind1="4" ind2="1">
    <subfield code="u">http://www.archive.org/details/chronologicalsub16amer</subfield>
    <subfield code="z">Free eBook from the Internet Archive</subfield>
    <subfield code="3">Volume 16</subfield>
  </datafield>
  <datafield tag="856" ind1="4" ind2="2">
    <subfield code="u">http://www.openlibrary.org/books/OL24203426M</subfield>
    <subfield code="z">Additional information and access via Open Library</subfield>
    <subfield code="3">Volume 16</subfield>
  </datafield>
  <datafield tag="952" ind1=" " ind2=" ">
    <subfield code="0">0</subfield>
    <subfield code="1">0</subfield>
    <subfield code="4">0</subfield>
    <subfield code="7">0</subfield>
    <subfield code="8">Project Gutenberg</subfield>
    <subfield code="a">CSPC</subfield>
    <subfield code="b">CSPC</subfield>
    <subfield code="d">2023-05-25</subfield>
    <subfield code="l">0</subfield>
    <subfield code="r">2023-05-25 00:00:00</subfield>
    <subfield code="w">2023-05-25</subfield>
    <subfield code="y">EBK</subfield>
  </datafield>
  <datafield tag="999" ind1=" " ind2=" ">
    <subfield code="c">22236</subfield>
    <subfield code="d">22236</subfield>
  </datafield>
</record>
